[Event "Werther Schloss op 26th"]
[Site "Werther"]
[Date "2023.04.02"]
[Round "6"]
[White "Steffens, Olaf"]
[Black "Matthes, Aaron"]
[Result "0-1"]
[WhiteElo "2085"]
[BlackElo "2239"]
[PlyCount "74"]
[EventDate "2023.03.30"]
[EventType "swiss"]
[EventRounds "7"]
[EventCountry "GER"]
[SourceTitle "CBM 213 Extra"]
[Source "ChessBase"]
[SourceDate "2023.05.31"]
[SourceVersion "1"]
[SourceVersionDate "2023.05.31"]
[SourceQuality "1"]

1. d4 d5 2. Nc3 Nf6 3. Bf4 e6 4. e3 Bb4 5. Bd3 c5 6. dxc5 Nbd7 7. Nge2 a6 8. Bg3 0-0 9. a3 Bxc5 10. e4 d4 11. e5 dxc3 12. exf6 cxb2 13. fxg7 Qa5+ 14. c3 bxa1Q 15. gxf8Q+ Bxf8 16. Qxa1 Qxa3 17. Qb1 Nf6 18. Be5 Bg7 19. h4 Qa5 20. f4 h5 21. Qc1 Ng4 22. Bxg7 Kxg7 23. f5 f6 24. Nf4 Qe5+ 25. Be2 exf5 26. Rh3 Bd7 27. Kf1 Rh8 28. Qd2 Bc6 29. Rd3 Re8 30. Nxh5+ Kh7 31. Bxg4 fxg4 32. Nf4 Bb5 33. Kg1 Bxd3 34. Qxd3+ f5 35. Qc4 Qe1+ 36. Kh2 Qxh4+ 37. Nh3 g3+ 0-1

[Event "Werther Schloss op 26th"]
[Site "Werther"]
[Date "2023.03.31"]
[Round "2"]
[White "Holtel, Jasper"]
[Black "Steffens, Olaf"]
[Result "1-0"]
[WhiteElo "2325"]
[BlackElo "2085"]
[PlyCount "105"]
[EventDate "2023.03.30"]
[EventType "swiss"]
[EventRounds "7"]
[EventCountry "GER"]
[SourceTitle "CBM 213 Extra"]
[Source "ChessBase"]
[SourceDate "2023.05.31"]
[SourceVersion "1"]
[SourceVersionDate "2023.05.31"]
[SourceQuality "1"]

1. Nf3 c6 2. g3 Qa5 3. Bg2 g5 4. h3 Bg7 5. c3 d6 6. d4 h6 7. e4 Nd7 8. Nbd2 Ngf6 9. 0-0 g4 10. hxg4 Nxg4 11. Nh4 Qh5 12. Bf3 Nf8 13. Kg2 Bf6 14. Rh1 Qg5 15. Nc4 Qg7 16. Nf5 Bxf5 17. exf5 h5 18. Na5 Rb8 19. Qb3 Nd7 20. Qd1 Kd8 21. Bf4 Kc7 22. Nc4 Rbg8 23. Qe2 Bg5 24. Bxg5 Qxg5 25. Rae1 d5 26. Ne3 Ngf6 27. Rh3 h4 28. Reh1 Rh7 29. Kf1 Rgh8 30. g4 e5 31. dxe5 Nxe5 32. Nxd5+ cxd5 33. Qxe5+ Kc8 34. Qd4 Re8 35. Qxa7 Rhh8 36. Qc5+ Kb8 37. Qd6+ Kc8 38. Qc5+ Kb8 39. Qd6+ Kc8 40. Qb4 Kb8 41. a4 Ne4 42. Qd4 f6 43. Qxd5 Re5 44. Qd3 Nd2+ 45. Kg2 Rg8 46. Rxh4 Qf4 47. Rd1 Qg5 48. Rh3 Nxf3 49. Qxf3 Rxf5 50. Qg3+ Re5 51. Rh5 Qxg4 52. Rxe5 Qc8 53. Rg5+ 1-0

[Event "Werther Schloss op 26th"]
[Site "Werther"]
[Date "2023.03.30"]
[Round "1"]
[White "Steffens, Olaf"]
[Black "Jugelt, Tobias"]
[Result "1/2-1/2"]
[WhiteElo "2085"]
[BlackElo "2374"]
[PlyCount "45"]
[EventDate "2023.03.30"]
[EventType "swiss"]
[EventRounds "7"]
[EventCountry "GER"]
[SourceTitle "CBM 213 Extra"]
[Source "ChessBase"]
[SourceDate "2023.05.31"]
[SourceVersion "1"]
[SourceVersionDate "2023.05.31"]
[SourceQuality "1"]

1. e4 e6 2. d4 d5 3. Nc3 Nf6 4. e5 Nfd7 5. f4 c5 6. Nf3 Nc6 7. Be3 a6 8. Qd2 b5 9. h4 Bb7 10. h5 Be7 11. a3 Qa5 12. Rd1 b4 13. axb4 Qxb4 14. Be2 Nb6 15. 0-0 h6 16. dxc5 Bxc5 17. Nd4 0-0 18. Nxc6 Bxc6 19. Bxc5 Qxc5+ 20. Qd4 Qxd4+ 21. Rxd4 a5 22. Ra1 Rfb8 23. b3 1/2-1/2

[Event "Verden op-A"]
[Site "Verden"]
[Date "2023.01.07"]
[Round "5"]
[White "Reller, Ole"]
[Black "Steffens, Olaf"]
[Result "0-1"]
[WhiteElo "1856"]
[BlackElo "2043"]
[PlyCount "78"]
[EventDate "2023.01.05"]
[EventType "swiss"]
[EventRounds "7"]
[EventCountry "GER"]
[SourceTitle "CBM 212 Extra"]
[Source "ChessBase"]
[SourceDate "2023.03.31"]
[SourceVersion "1"]
[SourceVersionDate "2023.03.31"]
[SourceQuality "1"]

1. c4 b6 2. Nc3 Ba6 3. e4 c5 4. g3 Nc6 5. d3 g6 6. Bg2 Bg7 7. Be3 e6 8. Nge2 Nge7 9. Qd2 Ne5 10. h3 d5 11. exd5 exd5 12. f4 Nxc4 13. dxc4 d4 14. Bxa8 Qxa8 15. 0-0-0 0-0 16. Nb5 dxe3 17. Qxe3 Nf5 18. Qd3 Bb7 19. Rhe1 Be4 20. Qd2 a6 21. Nc7 Qb7 22. Nd5 b5 23. g4 bxc4 24. Nec3 Bxd5 25. Qxd5 Qb4 26. gxf5 Bxc3 27. Re2 Rb8 28. bxc3 Qxc3+ 29. Rc2 Qe3+ 30. Rdd2 c3 31. fxg6 hxg6 32. Qe5 cxd2+ 33. Rxd2 Qa3+ 34. Kd1 Qa4+ 35. Rc2 Rd8+ 36. Kc1 Qa3+ 37. Rb2 c4 38. Qc7 Qc3+ 39. Rc2 Qa1# 0-1

[Event "Verden op-A"]
[Site "Verden"]
[Date "2023.01.06"]
[Round "3"]
[White "Lebiedz, Oliver"]
[Black "Steffens, Olaf"]
[Result "1-0"]
[WhiteElo "1925"]
[BlackElo "2043"]
[PlyCount "69"]
[EventDate "2023.01.05"]
[EventType "swiss"]
[EventRounds "7"]
[EventCountry "GER"]
[SourceTitle "CBM 212 Extra"]
[Source "ChessBase"]
[SourceDate "2023.03.31"]
[SourceVersion "1"]
[SourceVersionDate "2023.03.31"]
[SourceQuality "1"]

1. e4 Nc6 2. Nf3 Nf6 3. e5 Ng4 4. d4 d6 5. h3 Nh6 6. Bf4 dxe5 7. Bxe5 Nxe5 8. Nxe5 g6 9. Qf3 c6 10. Nc3 Bg7 11. 0-0-0 0-0 12. g4 Be6 13. Kb1 f6 14. Nc4 b5 15. Ne3 b4 16. Qxc6 Bf7 17. Ncd5 e6 18. Nxb4 a5 19. Na6 Qe7 20. Nc5 Rfd8 21. Bc4 Rac8 22. Qa6 Ra8 23. Qc6 Rac8 24. Qb6 f5 25. c3 Rb8 26. Qc6 Rd6 27. Qa4 Be8 28. Qa3 Rdb6 29. Rd2 Kh8 30. gxf5 gxf5 31. Ka1 Bc6 32. Rg1 Bf3 33. Re1 Qf8 34. Nd7 Qf6 35. Nxf6 1-0

[Event "Verden op-A"]
[Site "Verden"]
[Date "2023.01.05"]
[Round "1"]
[White "Kessens, Felix Magnus"]
[Black "Steffens, Olaf"]
[Result "1-0"]
[WhiteElo "1817"]
[BlackElo "2043"]
[PlyCount "55"]
[EventDate "2023.01.05"]
[EventType "swiss"]
[EventRounds "7"]
[EventCountry "GER"]
[SourceTitle "CBM 212 Extra"]
[Source "ChessBase"]
[SourceDate "2023.03.31"]
[SourceVersion "1"]
[SourceVersionDate "2023.03.31"]
[SourceQuality "1"]

1. e4 a6 2. d4 e6 3. Nf3 b5 4. Bd3 c5 5. c3 Bb7 6. 0-0 Nf6 7. Re1 Be7 8. Nbd2 Nc6 9. Nf1 Rc8 10. Ng3 cxd4 11. cxd4 Nb4 12. Bg5 Nxd3 13. Qxd3 0-0 14. h4 h6 15. Bd2 Ng4 16. h5 Bh4 17. Nh2 Nxh2 18. Kxh2 f5 19. exf5 Bxg3+ 20. Qxg3 Rxf5 21. Re5 Qf6 22. Be3 Rc2 23. Rxf5 Qxf5 24. Qe5 Qg4 25. Qb8+ Bc8 26. Qe5 Kh7 27. b3 Bb7 28. Qg3 1-0

[Event "BL2-Nord 2122"]
[Site "Germany"]
[Date "2022.06.19"]
[Round "8.8"]
[White "Steffens, Olaf"]
[Black "Nogly, Christoph"]
[Result "0-1"]
[WhiteElo "2092"]
[BlackElo "2242"]
[PlyCount "86"]
[EventDate "2022.03.05"]
[EventType "team-tourn"]
[EventRounds "10"]
[EventCountry "GER"]
[SourceTitle "EXT 2023"]
[Source "ChessBase"]
[SourceDate "2022.10.05"]
[SourceVersion "1"]
[SourceVersionDate "2022.10.05"]
[SourceQuality "1"]
[WhiteTeam "Werder Bremen II"]
[BlackTeam "Berlin SF II"]
[WhiteTeamCountry "GER"]
[BlackTeamCountry "GER"]

1. b3 d5 2. Bb2 Nf6 3. g3 c6 4. Bg2 Bf5 5. d3 Nbd7 6. Nd2 e5 7. Ngf3 Bd6 8. e4 Bg4 9. h3 Bh5 10. g4 Bg6 11. Nh4 dxe4 12. dxe4 Bc5 13. 0-0 0-0 14. Nf5 Qc7 15. Qf3 Bxf5 16. Qxf5 Rfe8 17. Rad1 b5 18. a3 a5 19. Nf3 g6 20. Qg5 Nxe4 21. Rxd7 Qxd7 22. Nxe5 Nxg5 23. Nxd7 Be7 24. Bxc6 Rac8 25. Bxb5 Rxc2 26. Ba1 Rec8 27. Bc4 Nxh3+ 28. Kg2 Nf4+ 29. Kf3 Ne6 30. Nb6 Rd8 31. Nd5 Kf8 32. Ne3 Ra2 33. a4 Nd4+ 34. Ke4 Nc2 35. Bc3 Bb4 36. Be5 Re8 37. g5 Bd6 38. Ng4 Na3 39. Ba6 Rb2 40. Kd5 Rd2+ 41. Ke4 Bxe5 42. Nxe5 Re6 43. Bd3 Rxe5+ 0-1

[Event "BL2-Nord 2122"]
[Site "Germany"]
[Date "2022.06.18"]
[Round "7.8"]
[White "Bruchmann, Stephan"]
[Black "Steffens, Olaf"]
[Result "1-0"]
[WhiteElo "2209"]
[BlackElo "2092"]
[PlyCount "61"]
[EventDate "2022.03.05"]
[EventType "team-tourn"]
[EventRounds "10"]
[EventCountry "GER"]
[SourceTitle "EXT 2023"]
[Source "ChessBase"]
[SourceDate "2022.10.05"]
[SourceVersion "1"]
[SourceVersionDate "2022.10.05"]
[SourceQuality "1"]
[WhiteTeam "Berlin Rotation"]
[BlackTeam "Werder Bremen II"]
[WhiteTeamCountry "GER"]
[BlackTeamCountry "GER"]

1. e4 Nc6 2. d4 d5 3. e5 f6 4. f4 Nh6 5. c3 Bg4 6. Be2 Bf5 7. Nf3 e6 8. 0-0 Be7 9. h3 Qd7 10. Nbd2 Nf7 11. Re1 fxe5 12. fxe5 h5 13. Nf1 g5 14. Ne3 Bg6 15. Bb5 a6 16. Bd3 Bxd3 17. Qxd3 0-0-0 18. g4 hxg4 19. hxg4 Rh3 20. Qf1 Rdh8 21. Qg2 Qe8 22. Bd2 Qg8 23. Nf1 Qh7 24. N1h2 Ncxe5 25. dxe5 Bc5+ 26. Be3 Nxe5 27. Bxc5 Nd3 28. Nxg5 Nxe1 29. Rxe1 Qd3 30. Nxh3 Rxh3 31. Nf1 1-0

[Event "GER-CupT 2122 Round2 (2)"]
[Site "Neuwied"]
[Date "2022.05.21"]
[Round "1.4"]
[White "Dautov, Rustem"]
[Black "Steffens, Olaf"]
[Result "1-0"]
[WhiteElo "2601"]
[BlackElo "2085"]
[PlyCount "81"]
[EventDate "2022.05.21"]
[EventType "team-k.o."]
[EventRounds "2"]
[EventCountry "GER"]
[SourceTitle "EXT 2023"]
[Source "ChessBase"]
[SourceDate "2022.10.05"]
[SourceVersion "1"]
[SourceVersionDate "2022.10.05"]
[SourceQuality "1"]
[WhiteTeam "Deizisau"]
[BlackTeam "Werder Bremen"]
[WhiteTeamCountry "GER"]
[BlackTeamCountry "GER"]

1. d4 c6 2. c4 d6 3. Nf3 Nd7 4. Nc3 h6 5. g3 g5 6. Bg2 Bg7 7. 0-0 Nf8 8. h4 gxh4 9. Nxh4 Bf6 10. d5 Bxh4 11. gxh4 Nf6 12. dxc6 bxc6 13. Bf4 Rg8 14. Bg3 Bd7 15. e4 Qa5 16. Kh1 Ng4 17. Qe1 Qh5 18. f4 Rb8 19. b3 Ne6 20. Rd1 Qc5 21. Rd3 Ng7 22. e5 dxe5 23. fxe5 Nf5 24. e6 Bxe6 25. Bxb8 Nge3 26. Bc7 Bd5 27. cxd5 Nxg2 28. Qf2 Nge3 29. dxc6 e5 30. Rd8+ Ke7 31. Rxg8 Qxc3 32. Qf3 Qd3 33. Bxe5 f6 34. c7 fxe5 35. c8Q e4 36. Qb7+ Kf6 37. Rf8+ Ke5 38. Rxf5+ Nxf5 39. Qxf5+ Kd4 40. Qf6+ Ke3 41. Qf2# 1-0

[Event "Oberliga Nord W 2122"]
[Site "Germany"]
[Date "2022.04.24"]
[Round "5.4"]
[White "Zschischang, Marine"]
[Black "Steffens, Olaf"]
[Result "1/2-1/2"]
[WhiteElo "2062"]
[BlackElo "2085"]
[PlyCount "102"]
[EventDate "2021.10.10"]
[EventType "team-tourn"]
[EventRounds "9"]
[EventCountry "GER"]
[SourceTitle "EXT 2023"]
[Source "ChessBase"]
[SourceDate "2022.10.05"]
[SourceVersion "1"]
[SourceVersionDate "2022.10.05"]
[SourceQuality "1"]
[WhiteTeam "Lehrte"]
[BlackTeam "Werder Bremen III"]
[WhiteTeamCountry "GER"]
[BlackTeamCountry "GER"]

1. d4 c6 2. c4 d6 3. e4 h6 4. Nc3 Nd7 5. Be3 g5 6. Be2 Bg7 7. h4 Nf8 8. hxg5 hxg5 9. Rxh8 Bxh8 10. Qd2 Qa5 11. 0-0-0 Ne6 12. Nh3 Bd7 13. Kb1 c5 14. d5 Nd4 15. Nxg5 Nxe2 16. Nxe2 Qa6 17. Qc2 b5 18. cxb5 Bxb5 19. Nc3 Bc4 20. Qa4+ Qxa4 21. Nxa4 Rb8 22. Bd2 Nf6 23. f3 Bg7 24. Rh1 Kf8 25. Nh7+ Nxh7 26. Rxh7 Kg8 27. Rh1 Bb5 28. Nc3 Bd3+ 29. Kc1 e6 30. dxe6 fxe6 31. Nd1 d5 32. exd5 exd5 33. Rh5 Bf1 34. Rxd5 Bxg2 35. Rxc5 Bxf3 36. Nc3 Rb7 37. a3 Bd4 38. Rg5+ Rg7 39. Rxg7+ Kxg7 40. Nb5 Bb6 41. Bc3+ Kf8 42. Bd4 a6 43. Bxb6 axb5 44. Kd2 Ke7 45. Ke3 Bh1 46. Kd4 Kd6 47. Kc3 Kc6 48. Bg1 Bg2 49. Kb4 Bf3 50. a4 bxa4 51. Kxa4 Be2 1/2-1/2

[Event "Bremen Silvester op"]
[Site "Bremen"]
[Date "2021.12.30"]
[Round "7"]
[White "Steffens, Olaf"]
[Black "Bungarten, Jona"]
[Result "0-1"]
[WhiteElo "2100"]
[BlackElo "1687"]
[PlyCount "78"]
[EventDate "2021.12.21"]
[EventType "swiss"]
[EventRounds "7"]
[EventCountry "GER"]
[SourceTitle "CBM 205 Extra"]
[Source "ChessBase"]
[SourceDate "2022.01.31"]
[SourceVersion "1"]
[SourceVersionDate "2022.01.31"]
[SourceQuality "1"]

1. a3 e5 2. Nc3 d5 3. d4 Nc6 4. e3 Nf6 5. Nf3 e4 6. Ne5 Bd6 7. f4 exf3 8. Nxf3 0-0 9. Bd3 Re8 10. 0-0 Bg4 11. Nb5 Ne7 12. c4 c6 13. Nxd6 Qxd6 14. Qc2 Ng6 15. Bd2 a5 16. Ng5 Re7 17. b4 Bh5 18. Bf5 dxc4 19. Qxc4 Nh4 20. e4 Be2 21. Qxe2 Nxf5 22. Bc3 h6 23. Nxf7 Rxf7 24. Rxf5 axb4 25. axb4 Rxa1+ 26. Bxa1 Qxb4 27. Rf1 b5 28. Qd3 Qc4 29. Qf3 Qe6 30. d5 cxd5 31. Bxf6 Rxf6 32. Qd1 Rxf1+ 33. Qxf1 Qxe4 34. Qxb5 Qe1+ 35. Qf1 Qxf1+ 36. Kxf1 Kf7 37. Ke2 Ke6 38. Ke3 Ke5 39. Kd3 d4 0-1

[Event "Bremen Silvester op"]
[Site "Bremen"]
[Date "2021.12.28"]
[Round "3"]
[White "Steffens, Olaf"]
[Black "Bracker, Arne"]
[Result "1-0"]
[WhiteElo "2100"]
[BlackElo "2268"]
[PlyCount "113"]
[EventDate "2021.12.21"]
[EventType "swiss"]
[EventRounds "7"]
[EventCountry "GER"]
[SourceTitle "CBM 205 Extra"]
[Source "ChessBase"]
[SourceDate "2022.01.31"]
[SourceVersion "1"]
[SourceVersionDate "2022.01.31"]
[SourceQuality "1"]

1. a3 Nf6 2. d3 d5 3. g3 g6 4. Bg2 Bg7 5. Nf3 0-0 6. 0-0 c5 7. c3 Nc6 8. b4 b6 9. Nbd2 cxb4 10. axb4 Bb7 11. Bb2 Re8 12. e4 dxe4 13. dxe4 Nd7 14. Qb3 Qc7 15. Ng5 e6 16. f4 h6 17. Ngf3 a5 18. e5 Bf8 19. bxa5 Nxa5 20. Qc2 Nc4 21. Nxc4 Qxc4 22. Nd4 Bd5 23. Bxd5 Qxd5 24. c4 Qb7 25. Qg2 Qxg2+ 26. Kxg2 Rec8 27. Rxa8 Rxa8 28. Ra1 Rc8 29. Ra7 Nc5 30. Nb5 Ne4 31. Ba3 Bxa3 32. Nxa3 g5 33. Ra6 Rc6 34. Kf3 Nd2+ 35. Kg4 gxf4 36. gxf4 Kg7 37. h4 Ne4 38. Ra7 Nf2+ 39. Kf3 Nd3 40. Kg4 Nf2+ 41. Kf3 Nd3 42. Nb5 Ne1+ 43. Kg3 Rxc4 44. Nd6 Rd4 45. h5 Nd3 46. Rxf7+ Kg8 47. Rf6 Kg7 48. Rg6+ Kf8 49. Rxe6 Rxf4 50. Rxh6 Rd4 51. Rf6+ Kg8 52. Nf5 Re4 53. e6 Nc5 54. e7 Nd7 55. Rd6 Nc5 56. Rd8+ Kf7 57. Rf8+ 1-0

[Event "Bremen Silvester op"]
[Site "Bremen"]
[Date "2021.12.27"]
[Round "1"]
[White "Steffens, Olaf"]
[Black "Braun, Julian1111"]
[Result "1-0"]
[WhiteElo "2100"]
[BlackElo "1546"]
[PlyCount "59"]
[EventDate "2021.12.21"]
[EventType "swiss"]
[EventRounds "7"]
[EventCountry "GER"]
[SourceTitle "CBM 205 Extra"]
[Source "ChessBase"]
[SourceDate "2022.01.31"]
[SourceVersion "1"]
[SourceVersionDate "2022.01.31"]
[SourceQuality "1"]

1. b4 d5 2. e3 Nf6 3. Bb2 Bf5 4. Nf3 Nbd7 5. c4 e6 6. cxd5 exd5 7. a3 Bd6 8. Be2 0-0 9. Nd4 Bg6 10. f4 h6 11. Nc3 Re8 12. 0-0 c5 13. bxc5 Nxc5 14. f5 Bh7 15. Qe1 Rc8 16. Qh4 Be7 17. Qf4 Bd6 18. Qf3 Nce4 19. Nxe4 Nxe4 20. Nb5 Nxd2 21. Qg4 Bf8 22. Bxg7 Bxg7 23. f6 Bg6 24. Bd3 Bxf6 25. Bxg6 fxg6 26. Qxg6+ Bg7 27. Rf7 Nf3+ 28. Kh1 Qf6 29. Rxf6 Nh4 30. Qg3 1-0

[Event "Oberliga Nord W 2122"]
[Site "Germany"]
[Date "2021.11.21"]
[Round "3.8"]
[White "Steffens, Olaf"]
[Black "Schmidt, Benjamin"]
[Result "1-0"]
[WhiteElo "2085"]
[BlackElo "1896"]
[PlyCount "91"]
[EventDate "2021.10.10"]
[EventType "team-tourn"]
[EventRounds "9"]
[EventCountry "GER"]
[SourceTitle "EXT 2023"]
[Source "ChessBase"]
[SourceDate "2022.10.05"]
[SourceVersion "1"]
[SourceVersionDate "2022.10.05"]
[SourceQuality "1"]
[WhiteTeam "Werder Bremen III"]
[BlackTeam "Hannover"]
[WhiteTeamCountry "GER"]
[BlackTeamCountry "GER"]

1. a3 d5 2. g3 e5 3. Bg2 c5 4. d3 Nc6 5. Nf3 h6 6. c3 a5 7. a4 Be6 8. Na3 Nf6 9. Nb5 Be7 10. 0-0 Qd7 11. d4 e4 12. Ne5 Nxe5 13. dxe5 Ng4 14. f4 exf3 15. exf3 Nxe5 16. f4 Bg4 17. Qxd5 Nc6 18. Re1 Rd8 19. Qxc5 0-0 20. Qf2 Bf6 21. Be3 Rfe8 22. Bb6 Rc8 23. Bf3 Bxf3 24. Qxf3 Qd2 25. Qf2 Qxf2+ 26. Kxf2 Rxe1 27. Rxe1 Be7 28. Kf3 Kf8 29. Rd1 Ke8 30. Nc7+ Kf8 31. Nb5 Ke8 32. Rd5 Kf8 33. Rd7 Rb8 34. Bc7 Rc8 35. Bd6 b6 36. Bxe7+ Nxe7 37. Nd6 Rb8 38. Ke4 f6 39. Kd4 g5 40. Kc4 gxf4 41. gxf4 Ng6 42. Rf7+ Kg8 43. Rxf6 Kg7 44. Rf7+ Kg8 45. Rc7 Rd8 46. Rc8 1-0

[Event "Oberliga Nord W 2122"]
[Site "Germany"]
[Date "2021.10.24"]
[Round "2.7"]
[White "Steffens, Olaf"]
[Black "Hoerstmann, Martin"]
[Result "1-0"]
[WhiteElo "2085"]
[BlackElo "2216"]
[PlyCount "63"]
[EventDate "2021.10.10"]
[EventType "team-tourn"]
[EventRounds "9"]
[EventCountry "GER"]
[SourceTitle "EXT 2023"]
[Source "ChessBase"]
[SourceDate "2022.10.05"]
[SourceVersion "1"]
[SourceVersionDate "2022.10.05"]
[SourceQuality "1"]
[WhiteTeam "Werder Bremen III"]
[BlackTeam "Lister Turm"]
[WhiteTeamCountry "GER"]
[BlackTeamCountry "GER"]

1. b4 e5 2. a3 a5 3. Bb2 d5 4. b5 Nd7 5. e3 c5 6. g3 Ngf6 7. Bg2 Bd6 8. f4 Qe7 9. Nh3 Nb6 10. 0-0 0-0 11. d3 Re8 12. Nf2 a4 13. Nd2 exf4 14. exf4 d4 15. Nde4 Nfd5 16. Qh5 Ne3 17. Rfe1 Rd8 18. Rxe3 dxe3 19. Nf6+ Qxf6 20. Bxf6 exf2+ 21. Kxf2 gxf6 22. Be4 Be6 23. Qxh7+ Kf8 24. Re1 Ke7 25. Bf5 Be5 26. fxe5 fxe5 27. Rxe5 Kf6 28. Rxe6+ fxe6 29. Qg6+ Ke5 30. Qxe6+ Kd4 31. Qf6+ Kd5 32. Be4# 1-0

[Event "GER-ch Net blitz sf"]
[Site "Playchess.com INT"]
[Date "2021.06.05"]
[Round "3"]
[White "Frohnhaeuser, Simon"]
[Black "Steffens, Olaf"]
[Result "1-0"]
[WhiteElo "1965"]
[BlackElo "2083"]
[PlyCount "59"]
[EventDate "2021.06.05"]
[EventType "swiss (blitz)"]
[EventRounds "13"]
[EventCountry "GER"]
[SourceTitle "EXT 2023"]
[Source "ChessBase"]
[SourceDate "2022.10.05"]
[SourceVersion "1"]
[SourceVersionDate "2022.10.05"]
[SourceQuality "1"]

1. f4 Nh6 2. Nf3 d5 3. g3 g6 4. Bg2 Bg7 5. 0-0 Nd7 6. d3 Nf6 7. e4 dxe4 8. dxe4 Qxd1 9. Rxd1 Nxe4 10. c3 0-0 11. Be3 Nf5 12. Bd4 Nxd4 13. Nxd4 Nd6 14. Na3 c6 15. Re1 Re8 16. Nac2 Bd7 17. Rad1 Rad8 18. Ne3 e5 19. fxe5 Rxe5 20. Nf3 Re6 21. Ng5 Be8 22. Nxe6 fxe6 23. Bh3 Bf7 24. Nc4 Bf8 25. Ne5 Re8 26. Rf1 Nf5 27. Rd7 Bc5+ 28. Kh1 Nd6 29. Nxf7 Nxf7 30. Rfxf7 1-0

[Event "GER-ch Net blitz sf"]
[Site "Playchess.com INT"]
[Date "2021.06.05"]
[Round "6"]
[White "Koch, Yannick"]
[Black "Steffens, Olaf"]
[Result "0-1"]
[WhiteElo "1921"]
[BlackElo "2083"]
[PlyCount "52"]
[EventDate "2021.06.05"]
[EventType "swiss (blitz)"]
[EventRounds "13"]
[EventCountry "GER"]
[SourceTitle "EXT 2023"]
[Source "ChessBase"]
[SourceDate "2022.10.05"]
[SourceVersion "1"]
[SourceVersionDate "2022.10.05"]
[SourceQuality "1"]

1. d4 g6 2. c4 Bg7 3. e4 d6 4. Nc3 Nc6 5. Nge2 e5 6. Be3 Nf6 7. f3 0-0 8. d5 Ne7 9. g4 Bxg4 10. fxg4 Nxg4 11. Qd2 f5 12. Bg5 h6 13. Bxe7 Qxe7 14. Bh3 Qh4+ 15. Ng3 Qxh3 16. 0-0-0 f4 17. Nf1 a6 18. Kb1 b5 19. cxb5 axb5 20. Nxb5 Qf3 21. Rg1 Qxe4+ 22. Ka1 Ne3 23. Rc1 Rfb8 24. Nxc7 Ra4 25. Ne6 Rxa2+ 26. Kxa2 Ra8+ 0-1

[Event "GER-ch Net blitz sf"]
[Site "Playchess.com INT"]
[Date "2021.06.05"]
[Round "12"]
[White "Steffens, Olaf"]
[Black "Faerber, David"]
[Result "1-0"]
[WhiteElo "2083"]
[BlackElo "2175"]
[PlyCount "63"]
[EventDate "2021.06.05"]
[EventType "swiss (blitz)"]
[EventRounds "13"]
[EventCountry "GER"]
[SourceTitle "EXT 2023"]
[Source "ChessBase"]
[SourceDate "2022.10.05"]
[SourceVersion "1"]
[SourceVersionDate "2022.10.05"]
[SourceQuality "1"]

1. b4 e5 2. a3 d5 3. Bb2 Bd6 4. Bc3 d4 5. Bb2 Nf6 6. Nf3 a5 7. b5 c5 8. bxc6 Nxc6 9. c3 Bg4 10. h3 Bxf3 11. gxf3 0-0 12. Rg1 Qe7 13. e3 Rfe8 14. Bb5 Bc5 15. Qc2 Rac8 16. Qf5 Qd6 17. a4 g6 18. Na3 dxc3 19. dxc3 Rcd8 20. Nc4 Qe7 21. h4 e4 22. f4 Nd7 23. h5 Qh4 24. 0-0-0 Qxf2 25. hxg6 hxg6 26. Rxg6+ fxg6 27. Qxg6+ Kf8 28. Rh1 Bxe3+ 29. Kb1 Qxf4 30. Rh8+ Ke7 31. Rh7+ Kf8 32. Qg7# 1-0

[Event "GER-ch Net blitz sf"]
[Site "Playchess.com INT"]
[Date "2021.06.05"]
[Round "2"]
[White "Steffens, Olaf"]
[Black "Zhou, Lepu Coco"]
[Result "0-1"]
[WhiteElo "2083"]
[BlackElo "1843"]
[PlyCount "134"]
[EventDate "2021.06.05"]
[EventType "swiss (blitz)"]
[EventRounds "13"]
[EventCountry "GER"]
[SourceTitle "EXT 2023"]
[Source "ChessBase"]
[SourceDate "2022.10.05"]
[SourceVersion "1"]
[SourceVersionDate "2022.10.05"]
[SourceQuality "1"]

1. b4 c6 2. e3 a5 3. b5 cxb5 4. Bxb5 Nc6 5. c4 e6 6. Bb2 Nf6 7. Nf3 Be7 8. 0-0 0-0 9. Nc3 d5 10. cxd5 Nxd5 11. d4 Bb4 12. Rc1 Nxc3 13. Bxc3 Bxc3 14. Rxc3 Bd7 15. Qa4 Qe8 16. Rb1 Rc8 17. e4 Qe7 18. Rbc1 f5 19. d5 exd5 20. exd5 Ne5 21. Bxd7 Rxc3 22. Rxc3 Nxd7 23. Re3 Qf6 24. Qd4 Qxd4 25. Nxd4 Nc5 26. Re7 Rd8 27. Re5 g6 28. h4 Nd3 29. Re7 Rxd5 30. Ne6 Ne5 31. Rg7+ Kh8 32. Rxb7 Rd1+ 33. Kh2 Ng4+ 34. Kg3 h6 35. f3 Nf6 36. Kf4 Nh5+ 37. Ke5 Re1+ 38. Kd6 Re2 39. g4 fxg4 40. fxg4 Ng3 41. a4 Rd2+ 42. Ke7 Ne4 43. Rb5 Nc3 44. Rxa5 Ra2 45. Ra8+ Kh7 46. Kf6 Ne4+ 47. Ke5 Re2 48. Ra7+ Kh8 49. g5 Nc5+ 50. Kd5 Nxe6 51. Ra8+ Kh7 52. Ra7+ Ng7 53. gxh6 Kxh6 54. a5 Rd2+ 55. Ke5 Nf5 56. a6 Nxh4 57. Ra8 Ra2 58. a7 Kg5 59. Ke4 Ng2 60. Kf3 Nf4 61. Kg3 Ne2+ 62. Kf2 Nd4+ 63. Kg3 Nc6 64. Rc8 Nxa7 65. Ra8 Ra3+ 66. Kg2 Nb5 67. Rxa3 Nxa3 0-1

[Event "GER-ch Net blitz qual3"]
[Site "Playchess.com INT"]
[Date "2021.05.07"]
[Round "9"]
[White "Koepke, Christian"]
[Black "Steffens, Olaf"]
[Result "0-1"]
[WhiteElo "2192"]
[BlackElo "1901"]
[PlyCount "82"]
[EventDate "2021.05.07"]
[EventType "swiss (blitz)"]
[EventRounds "11"]
[EventCountry "GER"]
[SourceTitle "CBM 202 Extra"]
[Source "ChessBase"]
[SourceDate "2021.07.31"]
[SourceVersion "1"]
[SourceVersionDate "2021.07.31"]
[SourceQuality "1"]

1. e4 Nc6 2. d4 d5 3. Nc3 Nf6 4. e5 Nd7 5. Be3 Nb6 6. Qf3 h5 7. Bd3 Bg4 8. Qg3 Qd7 9. h3 Bf5 10. 0-0-0 Nb4 11. Nge2 Nxd3+ 12. cxd3 e6 13. Kb1 a5 14. Qf4 a4 15. a3 Nc4 16. Nc1 b5 17. g4 Bg6 18. Ka2 Nb6 19. Qg3 b4 20. Nb1 Qb5 21. f4 bxa3 22. Nxa3 Bxa3 23. bxa3 Nc4 24. Rh2 Na5 25. Rb2 Nb3 26. f5 Bh7 27. fxe6 fxe6 28. gxh5 0-0-0 29. Qxg7 Rdg8 30. Qe7 Qb6 31. Qb4 Rg3 32. Nxb3 Qxb4 33. axb4 axb3+ 34. Rxb3 Rxe3 35. Rc1 Rxd3 36. Rxd3 Bxd3 37. Rf1 Bf5 38. Ka3 Rxh5 39. Ka4 Rxh3 40. Rg1 Kb7 41. Rg7 Rd3 0-1

[Event "GER-ch Net blitz qual3"]
[Site "Playchess.com INT"]
[Date "2021.05.07"]
[Round "1"]
[White "Meissner, Steffen"]
[Black "Steffens, Olaf"]
[Result "0-1"]
[WhiteElo "1617"]
[BlackElo "1901"]
[PlyCount "64"]
[EventDate "2021.05.07"]
[EventType "swiss (blitz)"]
[EventRounds "11"]
[EventCountry "GER"]
[SourceTitle "CBM 202 Extra"]
[Source "ChessBase"]
[SourceDate "2021.07.31"]
[SourceVersion "1"]
[SourceVersionDate "2021.07.31"]
[SourceQuality "1"]

1. e4 Nc6 2. Nf3 d6 3. Nc3 g6 4. d4 Nf6 5. Be2 Bg7 6. 0-0 a6 7. Be3 b5 8. a3 Bb7 9. Qd2 Ng4 10. Bf4 e5 11. dxe5 dxe5 12. Bg5 Qxd2 13. Bxd2 Rd8 14. Rad1 0-0 15. Bd3 Nd4 16. Nxd4 exd4 17. Ne2 Ne5 18. Bf4 Rfe8 19. Bxe5 Bxe5 20. f4 Bg7 21. Ng3 c5 22. e5 f6 23. exf6 Bxf6 24. Rfe1 Bh4 25. f5 c4 26. Bf1 Rxe1 27. Rxe1 gxf5 28. Re5 f4 29. Nf5 Bf6 30. Re6 Kf7 31. Rb6 Bd5 32. Nxd4 Bxd4+ 0-1